| 000 | 00860nam a22001697a 4500 | ||
|---|---|---|---|
| 003 | SGT | ||
| 020 | _a978-81-250-5085-8 | ||
| 082 | _a420,BAN | ||
| 100 | _aBANSAL,R.K | ||
| 245 | _aSPOKEN ENGLISH: MANUAL OF SPEECH AND PHONETICS | ||
| 250 | _a4TH | ||
| 260 |
_aNEW DELHI _bORIENT BLACKSWAN _c2016 |
||
| 300 | _a221 | ||
| 650 | _aENGLISH | ||
| 653 | _aPART I: PHONETICS AND SPOKEN ENGLISH 1. INTRODUCTION 2. THE SPEECH MECHANISM 3. THE DESCRIPTION OF SPEECH SOUNDS 4. THE PHONEME, THE SYLLABLE AND PROSODIC FEATURES 5. THE SOUNDS OF ENGLISH: VOWELS 6. THE SOUNDS OF ENGLISH: CONSONANTS 7. WORD STRESS 8. FEATURES OF CONNECTED SPEECH 9. FACTORS AFFECTING THE INTERNATIONAL INTELLIGIBILITY OF INDIAN ENGLISH AND SUGGESTIONS FOR IMPROVEMENT PART II: EXERCISES FOR PRACTICE 10. VOWELS 11. CONSONANTS 12. CONSONANT CLUSTERS 13. CONVERSATIONS | ||
| 942 |
_2ddc _cBK _02 |
||
| 999 |
_c9971 _d9971 |
||